Indyjska imigracja według państw - Statystyki

Ogólne statystyki
  • Ten quiz został rozwiązany 122 razy
  • Średni wynik to 13 z 20
Statystyki odpowiedzi
Ludzie Państwo % Poprawnych
107 772 Chiny
99%
3 120 328 Bangladesz
92%
1 088 234 Pakistan
92%
521 292 Nepal
86%
148 672 Sri Lanka
82%
4 270 Tajlandia
81%
12 982 Afganistan
79%
7 500 Laos
76%
4 264 Wielka Brytania
76%
6 364 Bhutan
75%
498 200 Mjanma
73%
11 556 Malezja
69%
12 600 Filipiny
57%
14 700 Korea Południowa
52%
5 190 Tajwan
43%
10 878 Zjednoczone Emiraty Arabskie
42%
7 500 Egipt
40%
11 710 Republika Południowej Afryki
37%
5 590 Kuwejt
23%
20 104 Brunei
22%
Nie znaleziono quizów pasujących do podanych kryteriów
Rozkład punktacji
Procent ludzi z każdym wynikiem
Percentyl według liczby udzielonych odpowiedzi
Twoja historia wyników
Nie rozwiązałeś tego quizu